000 01055nam a2200265Ia 4500
003 OSt
005 20221005104250.0
006 a|||||r|||| 00| 0
007 ta
008 221004b |||||||| |||| 00| 0 hin d
020 _a9788123019970 (pbk)
_cINR 135.00
024 _a43098
037 _b319, 11/03/2019, Eastern Book Linkers
_cTextual
040 _aCRL
_cCRL
_bhin
041 _2hin
_ahin
082 _aO152(Y11):g, Q5
100 _aदिविक रमेश, ले.
245 0 _aहिन्दी बाल - साहित्य
_b कुछ पड़ाव
246 _aHindī bāl - sāhitya: kuchh paड़āva
260 _aदिल्ली
_bप्रकाशन विभाग सूचना और प्रसारण मंत्रालय भारत
_c2015
300 _a186पृ0
_ccm.
650 _aहिन्दी साहित्य
942 _hO152(Y11):g, Q5
_cTEXL
_2cc
999 _c1012201
_d1012201